SCH en feat - Statistiques

Statistiques générales
  • Ce quiz a été pris 149 fois
  • Le résultat moyen est 14 sur 22
Statistiques - réponses
Projet Titre Artiste % Correct
JVLIVS II Mode Akimbo Jul
96%
JVLIVS Prêt à partir Ninho
95%
Rooftop Mayday Ninho
95%
JVLIVS III 02:00 Damso
88%
A7 Liquide Lacrim
88%
JVLIVS II Mannschaft Freeze Corleone
87%
Rooftop Baden Baden Gims
77%
Autobahn Dernière ligne droite Laylow
70%
A7 Pas de manières Sadek
63%
JVLIVS III Soldi Famiglia Sfera Ebbasta
62%
Rooftop Solitude Rim'k
60%
Anarchie Cartine Cartier Sfera Ebbasta
60%
Deo Favente Ca va Lacrim
59%
JVLIVS II Fantôme Jul
57%
JVLIVS II Fantôme Le Rat Luciano
57%
Rooftop Super Silver Haze Heuss l'enfoiré
56%
Autobahn Transmission automatique So La Lune
56%
Autobahn Marginaux Dinos
54%
Autobahn Madre Mia Morad
43%
A7 Pas de manières Lapso
40%
Rooftop Every Day Soolking
37%
Rooftop Every Day Capo Plaza
30%
Aucun quiz correspondant
Distribution des résultats
% des personnes avec chaque résultat
Percentile par nombre de réponses
Votre historique - résultats
Vous n’avez pas pris ce quiz